00662nam a2200181Ia 4500999001700000082001200017100001200029245009400041260004800135300001400183650004900197650004400246700001600290700001600306710003300322942001200355952011300367 c10799d10799 aRR.0038 aKeshava 0aAppraisal report of the family welfare programme in Indian Telephone Industries Bangalore c1980bPopulation Research Centre, Bangalore a46p.+tabs aTELEPHONE - EMPLOYEES - DISEASES AND HYGIENE aFAMILY PLANNING - KARNATAKA - BANGALORE aYadav, S.S. aReddy, P.H. aPopulation Centre, Bangalore cRP2ddc 00104070aNASSDOCbNASSDOCd2004-10-08i2004-10-22l0oRR.0038p21177r2019-04-18 00:00:00w2019-04-18yRP